Регионална библиотека "Любен Каравелов" - Русе

Въжделение и страдание (Запис номер 10667)

MARC детайли
000 -Лидер
Контролно поле с фиксирана дължина 01684nam a2200433 c 4500
003 - Код на организацията, давaща контролен номер
Контролно поле BLK
005 - Дата и час на последна редакция
Контролно поле 20230721114430.0
008 - Елементи от данни с фиксирана дължина
fixed length control field 180412b bul|||||r ||||||| ||bul||
010 ## - Наследен системен номер
LC control number KNG00012168000
020 ## - Международен стандартен номер на книга ISBN
Международен стандартен номер на книга ISBN 954-02-0195-0
040 ## - Източник на каталожния запис
Идентификатор на билиотеката - собственик на записа BLK
041 ## - Код за език
Код за езика на текст/звукозапис или на отделно заглавие Български
Код за езика КДБФ Български
080 ## - УДК
Текстов определител УДК Психоанализа
УДК код - определител по УДК 159.964.2
УДК - код + определител 159.964.2
080 ## - УДК
Текстов определител УДК Социално поведение. Социална психология
УДК код - определител по УДК 316.6
УДК - код + определител 316.6
100 1# - Редна дума - Автор
Автор Фройд, Зигмунд
Авторска отговорност първи автор
Пълна форма на името психоаналитик
R(LIN) 363413
139 ## - Редно поле
Редна дума Фройд, Зигмунд
Авторски знак Фро - Ф 85
245 10 - Сведения за заглавието
Заглавие Въжделение и страдание
Редно поле (дума) Зигмунд Фройд; прев. от нем. Маргарита Дилова.
257 ## - Страна на издаване
Страна на създаване/издаване Австрия
260 ## - Област на издателските данни
Име на издателя, разпространителя и проч. Наука и изкуство
Година на издаване 1996
Печатница Враца : Полипринт
300 ## - Физическа характеристика
Страници 106 с.
Размери/Мащаб 20 см
380 ## - Жанр
Жанр Философия
490 1# - СЕРИИ (Колекции)
Име на серия Съвременна чуждестранна психология
500 ## - Общи забележки
Забележка Ориг. загл. Massenpsychologie und Ich-Analyse / Sigmund Freud. - 2 000 тир.
650 #4 - Допълнително описание по предмет – тема
Основно описание – тема или топоним Психоанализа
9 (RLIN) 168303
650 #4 - Допълнително описание по предмет – тема
Основно описание – тема или топоним Социална психология
9 (RLIN) 243161
653 ## - Ключова дума – ненормативна
Ключова дума психоанализа
653 ## - Ключова дума – ненормативна
Ключова дума страдание
653 ## - Ключова дума – ненормативна
Ключова дума въжделение
653 ## - Ключова дума – ненормативна
Ключова дума социална психология
700 1# - Други автори (авторска отговорност)
Лично име Дилова, Маргарита
Автороска отговорност (Описва отношението между автора и произведението) прев. от нем.
9 (RLIN) 255752
852 ## - Местоположение
Форматна сигнатура Цб 188628
856 4# - Електронен адрес и достъп
Електронен формат pdf - файл
Път до файла /url/
856 4# - Електронен адрес и достъп
Електронен формат pdf - файл
Път до файла /url/
942 ## - АРТИКУЛИ
Вид на библиотечния материал Книги
Скрит в OPAC Не
Периодичен библиозапис Да
944 ## - СЪЗДАВАНЕ И РЕДАКЦИЯ на ЗАПИСА
Създаване/Редакция Създаване
Дата на регистрацията/редакция 15.01.2003
Статус, дата на статуса Кети Илиева
Служител, извършил регистрацията/редакцията 30550
944 ## - СЪЗДАВАНЕ И РЕДАКЦИЯ на ЗАПИСА
Създаване/Редакция Редакция
Дата на регистрацията/редакция 09.11.2009
Статус, дата на статуса ф /
999 ## - СИСТЕМНИ КОНТРОЛНИ НОМЕРА
Koha biblionumber 10667
Koha biblioitemnumber 10667
999 ## - СИСТЕМНИ КОНТРОЛНИ НОМЕРА
Koha biblioitemnumber 10667
999 ## - СИСТЕМНИ КОНТРОЛНИ НОМЕРА
Koha biblioitemnumber 10667
Наличности
Код за отписване Код за изгубен артикул Източник на класификационната схема Код за повреда Коз за рестрикции Код за отдаване Артикулен № Име на библиотеката - собственик Име на библиотеката, в която се намира в момента Статус (Текущо местоположение) Дата на вписване в системата Местоположение - отдел Цена в лева Инвентарен номер Систематично азбучна сигнатура Баркод Номер на екземпляра Цена в евро Служебна бележка Служебен тип на артикула
  Не е изгубен Universal Decimal Classification Не е повреден без рестрикции ползва се в читалня 18476 Регионална библиотека "Любен Каравелов" Русе Регионална библиотека "Любен Каравелов" Русе Читалня 2001-01-01 Читалня 0.51 621332 Ч 159.9/Ф 35 120000621332 1 0.26 Дост: Pk Вид: Ф N: стар фонд Дата: 01.01.1996 Дата инв: 21.03.2017 Бележки инв: Ч2017 Книги
Изтеглен Не е изгубен Universal Decimal Classification Не е повреден без рестрикции заемане за дома 18477 Регионална библиотека "Любен Каравелов" Русе Регионална библиотека "Любен Каравелов" Русе Заемна - подръчен фонд 2001-01-01 Заемна - подръчен фонд 0.00 621333 П 159.96/Ф 35 621333 2 0.00 Дост: Pk Вид: Ф N: стар фонд Дата: 01.01.1996 Книги
  Не е изгубен Universal Decimal Classification Не е повреден без рестрикции заемане за дома 18478 Регионална библиотека "Любен Каравелов" Русе Регионална библиотека "Любен Каравелов" Русе Дубликат 2001-01-01 Заемна - подръчен фонд 0.51 621334 П 159.964.2/Ф 85-З 120000621334 3 0.26 Дост: Pk Вид: Ф N: стар фонд Дата: 01.01.1996 Дата инв: 02.02.2018 Бележки инв: П2018 Книги
  Не е изгубен Universal Decimal Classification Не е повреден без рестрикции ползва се в читалня 18479 Регионална библиотека "Любен Каравелов" Русе Регионална библиотека "Любен Каравелов" Русе Хранилище 2001-01-01 Хранилище 0.00 622089 Цб 188628 120000622089 4 0.00 Дост: Dp Вид: Д N: 14 Дата: 01.01.1996 Книги
Vip Innovations Ltd, Rousse, Bulgaria 2025